000 00430nam a2200181Ia 4500
001 16427
005 20260306170308.0
008 260306t2005||||xx |||||||||||||| ||und||
041 _aESP
082 _a348.6
_bC29
100 _aCastillo Arredondo, Víctor
_eAUT
245 0 _aEl abc del derecho laboral
260 _c2005
300 _a69 páginas :
_c24 cm.
650 _aGEN
654 _aCDE
942 _cLIB
_dJUS
_fJUS
_2ddc
_n
999 _c16427
_d16427